County map of the state of Pennsylvania
Saved in:
| Main Author: | |
|---|---|
| Corporate Authors: | , |
| Other Authors: | |
| Format: | Electronic |
| Language: | English |
| Published: |
[1880].
|
| Series: | David Rumsey Collection digital maps
|
| Subjects: | |
| Tags: |
Add Tag
No Tags, Be the first to tag this record!
|
| LEADER | 01790nea a2200397Ka 4500 | ||
|---|---|---|---|
| 001 | 012024911-1 | ||
| 005 | 20090630193809.0 | ||
| 008 | 060531t18801879paud a s 0 eng d | ||
| 034 | 1 | |a a |b 1420000 |d W0803100 |e W0744100 |f N0421600 |g N0394300 | |
| 035 | 0 | |a ocm69661498 | |
| 040 | |a CUY |c CUY | ||
| 052 | |a 3820 | ||
| 052 | |a 3824 |b E8 |b H3 |b S2 |b W7 | ||
| 100 | 1 | |a Mitchell, S. Augustus |q (Samuel Augustus), |d 1792-1868. | |
| 245 | 1 | 0 | |a County map of the state of Pennsylvania |h [electronic resource] / |c drawn and engraved by W.H. Gamble, Philadelphia. |
| 255 | |a Scale [ca. 1:1,420,000] |c (W 80⁰31ʹ--W 74⁰41ʹ/N 42⁰16ʹ--N 39⁰43ʹ). | ||
| 260 | |a [1880]. | ||
| 500 | |a Relief shown by hachures. | ||
| 500 | |a Shows settlements, railroads, rivers, etc. | ||
| 500 | |a Inset maps: Harrisburg -- Williamsport -- Erie -- Scranton. | ||
| 500 | |a Prime meridians: Greenwich and Washington. | ||
| 500 | |a "Entered according to Act of Congress in the year 1879 by S. Augustus Mitchell in the office of the Librarian of Congress at Washington." | ||
| 500 | |a Scanned raster image of original: 1 map : hand col. ; 37 x 54 cm. | ||
| 500 | |a Original in the David Rumsey Collection; scanned by Cartography Associates. | ||
| 651 | 0 | |a Pennsylvania |v Maps. | |
| 651 | 0 | |a Erie (Pa.) |v Maps. | |
| 651 | 0 | |a Harrisburg (Pa.) |v Maps. | |
| 651 | 0 | |a Scranton (Pa.) |v Maps. | |
| 651 | 0 | |a Williamsport (Pa.) |v Maps. | |
| 700 | 1 | |a Gamble, W. H. |q (William H.) | |
| 710 | 2 | |a David Rumsey Collection. | |
| 710 | 2 | |a Cartography Associates. | |
| 773 | 0 | |a Mitchell, S. Augustus (Samuel Augustus), 1792-1868. |t Mitchell's new general atlas. |d Philadelphia : S. Augustus Mitchell, 1880, c1879. |g p. 38-39. |w (OCoLC)69371482 | |
| 830 | 0 | |a David Rumsey Collection digital maps |5 net | |
| 988 | |a 20090630 | ||
| 906 | |0 OCLC | ||


